00609nam a22002057a 450000500170000001000150001702000270003203500130005903700130007208200100008524500800009525000120017526000430018727000700023030000310030050000190033165000160035070000170036670000200038320100818114933.0 aENG-101247 a9788185578866c7495.00 aEN-84780 bDBAD/PUB a616.5 aIADVL textbook of dermatology /cedited by R. G. Valia [and] Ameet R. Valia a3rd ed. aMumbaibBhalani Publishing Housec2008 a11 Mavawala Building Opp. K. E. M. Hospital ParelbMumbaie400012 av.1 (xx,1152p.)c28cm (Hb) aincludes index aDermatology aValia, R. G. aValia, Ameet R.